| 000 | 00867cab a2200241 4500 | ||
|---|---|---|---|
| 001 | ABS56573 | ||
| 008 | 090401t1997 xxu||||| |||| 00| 0 eng d | ||
| 035 | _a(Sirsi) u24617 | ||
| 041 | _aeng | ||
| 100 | _aHaworth, T. | ||
| 245 | _aBuilding rescue trusts stuck on amber lights | ||
| 260 | _c1997 | ||
| 350 | _a0 | ||
| 490 |
_aConservation Bulletin _v(1204) 7 February 1997, 24-25(2) |
||
| 520 | _aConsiders how specialised heritage projects can benefit from the National Lottery now that building preservation trusts are eligible for Heritage Lottery Fund grants. Warns that the two-stage application process could deter potential applicants. | ||
| 650 | _aBUILDING PRESERVATION TRUSTS | ||
| 650 | _aHERITAGE LOTTERY FUND | ||
| 650 | _aHISTORIC BUILDINGS | ||
| 650 | _aNATIONAL LOTTERY | ||
| 690 | _aCONSERVATION | ||
| 942 | _n0 | ||
| 948 | _c04/03/1997 | ||
| 999 |
_c16515 _d16515 |
||